| 000 | 00782nam a2200253Ia 4500 | ||
|---|---|---|---|
| 003 | OSt | ||
| 005 | 20220923214956.0 | ||
| 006 | a|||||r|||| 00| 0 | ||
| 007 | ta | ||
| 008 | 220922b |||||||| |||| 00| 0 hin d | ||
| 024 | _a174,412 | ||
| 037 | _cTextual | ||
| 040 |
_aARTS _cARTS _bhin |
||
| 041 |
_2hin _ahin |
||
| 082 | _aO152:gxK73,1, G4 | ||
| 100 |
_aदेव _9159533 |
||
| 245 | 0 | _aभाव विलास, लक्ष्मीनिधि चतुर्वेदी संपा | |
| 246 | _aBhāv vilāsa, lakṣhmīnidhi chaturvedī sanpā0 | ||
| 260 | _c1934 | ||
| 300 |
_a168पृ. _ccm. |
||
| 650 |
_aहिन्दी साहित्य _9156264 |
||
| 942 |
_hO152:gxK73,1, G4 _cTEXL _2CC |
||
| 999 |
_c328183 _d328183 |
||